| 000 | 00727 a2200229 4500 | ||
|---|---|---|---|
| 999 |
_c95114 _d95114 |
||
| 005 | 20180814090327.0 | ||
| 008 | 180814b ||||| |||| 00| 0 eng d | ||
| 020 | _a9780415833233 (pbk) | ||
| 040 | _aNALT | ||
| 090 |
_aKD 35.E86 _bG72 2016 |
||
| 100 | 1 |
_aGrace, Jamie _930237 |
|
| 245 | 1 | 0 |
_aConstitutional & Administrative law / _cJamie Grace. |
| 250 | _a1st ed. | ||
| 260 |
_aLondon : _bRoutledge, _c2016. |
||
| 300 |
_axxxi, 284 p. : _btables ; _c22 cm. |
||
| 650 | 0 |
_915164 _aConstitutional law _zEuropean Union countries |
|
| 650 | 0 |
_930238 _aAdministrative law _zEuropean Union countries |
|
| 651 | 0 |
_9395 _aEuropean Union countries _xPolitics and government |
|
| 850 | _aNALT | ||
| 942 |
_2local _cLB |
||